Creation of english workbooks for fourth, fifth and sixth grades (Registro nro. 26458)

Detalles MARC
000 -CABECERA
Longitud fija campo de control 01270nam a22002417a 4500
003 - IDENTIFICADOR DELl NÚMERO DE CONTROL
Identificador del número de control OSt
005 - FECHA Y HORA DE LA ÚLTIMA TRANSACCIÓN
Fecha y hora de la última transacción 20171220163426.0
008 - CÓDIGOS DE INFORMACIÓN DE LONGITUD FIJA
Códigos de información de longitud fija 150407b slv spa
040 ## - FUENTE DE LA CATALOGACIÓN
Centro transcriptor BMC
082 ## - NÚMERO DE LA CLASIFICACIÓN DECIMAL DEWEY
Númeroo de clasificación 370
100 1# - PUNTO DE ACCESO PRINCIPAL-NOMBRE DE PERSONA
9 (RLIN) 40392
Nombre de persona Palma Zamora, Blanca Yoselin
245 10 - MENCIÓN DE TÍTULO
Título Creation of english workbooks for fourth, fifth and sixth grades
Resto del título : proyecto
Mención de responsabilidad, etc. Blanca Yoselin Palma Zamora, Edwin Oseas Palma Zamora
260 ## - PUBLICACIÓN, DISTRIBUCIÓN, ETC. (PIE DE IMPRENTA)
Lugar de publicación, distribución, etc. Santa Ana (El Salvador)
Nombre del editor, distribuidor, etc. Universidad Católica de El Salvador
Fecha de publicación, distribución, etc. 2016
300 ## - DESCRIPCIÓN FÍSICA
Extensión 1 v. (pág. var.)
Otras características físicas il. col.
Dimensiones 27 cm
Material anejo + 4 disco compacto
500 ## - NOTA GENERAL
Nota general Precede al tít.: Universidad Católica de El Salvador, Facultad de Ciencias y Humanidades
500 ## - NOTA GENERAL
Nota general Contiene CDS con<br/>Cuarto grado con inventario No.1039561 (4°),<br/>Quinto grado con inventario 1039562 (5°) <br/>Sexto grado con inventario 1039563 (6°)
502 ## - NOTA DE TESIS
Nota de tesis Trabajo de graduación para optar al grado académico de Licenciatura en Ciencias de la Educación con Especialidad en Idioma Ingles
505 ## - NOTA DE CONTENIDO CON FORMATO
Nota de contenido con formato Contiene: My english worbook, 4o, 5o. y 6o. grade, with audio
650 24 - PUNTO DE ACCESO ADICIONAL DE MATERIA - T&Eacute;RMINO DE MATERIA
9 (RLIN) 472
Término de materia o nombre geográfico como elemento inicial Educación
700 1# - PUNTO DE ACCESO ADICIONAL - NOMBRE DE PERSONA
9 (RLIN) 40393
Nombre de persona Palma Zamora, Edwin Oseas
710 2# - PUNTO DE ACCESO ADICIONAL - NOMBRE DE ENTIDAD
9 (RLIN) 1075
Nombre de entidad o nombre de jurisdicci&oacute;n como elemento inicial Universidad Católica de El Salvador
Unidad subordinada Facultad de Ciencias y Humanidades
942 ## - ENTRADA DE ELEMENTOS AGREGADOS (KOHA)
Fuente de clasificai&oacute;n o esquema Dewey Decimal Classification
Koha [por defecto] tipo de item 4- Trabajo de Graduación
Parte de clasificaci&oacute;n prozim
Existencias
Suprimido Perdido Fuente de clasificaci&oacute;n o esquema Estropeado Restricciones de uso No para pr&eacute;stamo C&oacute;digo de colecci&oacute;n Localizaci&oacute;n permanente Localizaci&oacute;n actual Localizaci&oacute;n en estanter&&iacute;acute;as Fecha adquisici&oacute;n Fuente de adquisici&oacute;n N&uacute;mero de inventario Pr&eacute;stamos totales Signatura completa C&oacute;digo de barras Fecha &uacute;ltima consulta Fecha del precio de reemplazo Tipo de item de Koha
NULL NULL Dewey Decimal Classification NULL Prestable NULL NULL Biblioteca Miguel de Cervantes - UNICAES Biblioteca Miguel de Cervantes - UNICAES Sala Principal 25/10/2016 Donación - Blanca Yoselin Palma Zamora, Edwin Oseas Palma Zamora 002455   P-002455 1039559 11/11/2016 11/11/2016 4- Trabajo de Graduación
NULL NULL Dewey Decimal Classification NULL Prestable NULL NULL Biblioteca Miguel de Cervantes - UNICAES Biblioteca Miguel de Cervantes - UNICAES Sala Principal 25/10/2016 Donación - Blanca Yoselin Palma Zamora, Edwin Oseas Palma Zamora 002556   P-002455 1039561 11/11/2016 11/11/2016 4- Trabajo de Graduación
NULL NULL Dewey Decimal Classification NULL Prestable NULL NULL Biblioteca Miguel de Cervantes - UNICAES Biblioteca Miguel de Cervantes - UNICAES Sala Principal 25/10/2016 Donación - Blanca Yoselin Palma Zamora, Edwin Oseas Palma Zamora 002557   P-002455 1039562 11/11/2016 11/11/2016 4- Trabajo de Graduación
NULL NULL Dewey Decimal Classification NULL Prestable NULL NULL Biblioteca Miguel de Cervantes - UNICAES Biblioteca Miguel de Cervantes - UNICAES Sala Principal 25/10/2016 Donación - Blanca Yoselin Palma Zamora, Edwin Oseas Palma Zamora 002558   P-002455 1039563 11/11/2016 11/11/2016 4- Trabajo de Graduación